[Event "VI  Miedzynarodowy Festiwal Szachowy   M"]
[Site "Lazy"]
[Date "2010.06.28"]
[Round "2.12"]
[White "Karbowiak, Adam"]
[Black "Korosciel, Aneta"]
[Result "1/2-1/2"]
[WhiteElo "2209"]
[BlackElo "2041"]
[PlyCount "105"]
[EventDate "2010.??.??"]

1. Nf3 Nf6 2. g3 e6 3. Bg2 d5 4. O-O Be7 5. d4 O-O 6. c4 c6 7. b3 b6 8. Bb2 Bb7
9. Nbd2 Nbd7 10. Qc2 Rc8 11. e4 dxe4 12. Nxe4 Nxe4 13. Qxe4 Bf6 14. Rad1 Qc7
15. Ne5 Rfd8 16. Ng4 Be7 17. Qf3 Ba8 18. Rfe1 h5 19. Ne5 Nf6 20. Qe2 Bb4 21.
Rf1 Bd6 22. Bf3 c5 23. dxc5 Bxc5 24. Bxa8 Rxa8 25. Nd3 Bd4 26. Bxd4 Rxd4 27.
Nf4 Rxd1 28. Rxd1 h4 29. Qd3 Rc8 30. Ng2 hxg3 31. hxg3 Ng4 32. Qd4 Ne5 33. Ne1
Nc6 34. Qd6 Qxd6 35. Rxd6 Kf8 36. Kf1 Ke7 37. Rd2 Rd8 38. Ke2 Nd4+ 39. Kd1 Rd6
40. Kc1 Nc6 41. a3 Rxd2 42. Kxd2 Kd6 43. Kd3 Ne5+ 44. Kd4 Nc6+ 45. Kc3 g5 46.
Nf3 f6 47. Nd4 Nxd4 48. Kxd4 g4 49. b4 e5+ 50. Ke3 f5 51. Kd3 Kc6 52. Ke3 Kd6
53. Kd3 1/2-1/2

[Event "VI  Miedzynarodowy Festiwal Szachowy   M"]
[Site "Lazy"]
[Date "2010.06.28"]
[Round "2.13"]
[White "Sokolowski, Ryszard"]
[Black "Sikorski, Dariusz"]
[Result "0-1"]
[WhiteElo "2143"]
[BlackElo "2037"]
[PlyCount "54"]
[EventDate "2010.??.??"]

1. c4 c6 2. Nf3 Nf6 3. g3 d5 4. Bg2 Bf5 5. b3 e6 6. Bb2 Bc5 7. O-O Nbd7 8. d3
O-O 9. Nbd2 a5 10. a3 Re8 11. h3 e5 12. Nh4 Be6 13. e3 Qc7 14. d4 exd4 15. exd4
Be7 16. Rc1 Rad8 17. f4 Nf8 18. c5 Ne4 19. Nxe4 dxe4 20. f5 Bd5 21. f6 Bxf6 22.
Rxf6 Qxg3 23. Nf5 Qg5 24. Nh6+ gxh6 25. Qf1 Ng6 26. Kh2 Nh4 27. Rc2 Nf3+ 0-1

[Event "VI  Miedzynarodowy Festiwal Szachowy   M"]
[Site "Lazy"]
[Date "2010.06.28"]
[Round "2.14"]
[White "Jurkowski, Marcin"]
[Black "Mazalon, Mariusz"]
[Result "0-1"]
[WhiteElo "1996"]
[BlackElo "2093"]
[PlyCount "52"]
[EventDate "2010.??.??"]

1. d4 Nf6 2. c4 g6 3. Nc3 Bg7 4. e4 O-O 5. e5 Ne8 6. f4 d6 7. Be3 c5 8. dxc5
Nc6 9. exd6 exd6 10. Qd2 Qa5 11. cxd6 Nxd6 12. Rd1 Bg4 13. Nf3 Rfe8 14. Kf2
Bxc3 15. Qxd6 Rad8 16. Qxd8 Rxd8 17. Rxd8+ Nxd8 18. bxc3 Qxc3 19. Be2 Nc6 20.
Rb1 Bxf3 21. gxf3 Nd4 22. Rxb7 Nc2 23. Bc5 Qe1+ 24. Kg2 Qxe2+ 25. Kg3 Ne1 26.
Rb8+ Kg7 0-1

[Event "VI  Miedzynarodowy Festiwal Szachowy   M"]
[Site "Lazy"]
[Date "2010.06.28"]
[Round "2.15"]
[White "Kucypera, Malgorzata"]
[Black "Andrzejewska, Anna"]
[Result "0-1"]
[WhiteElo "2068"]
[BlackElo "2006"]
[PlyCount "86"]
[EventDate "2010.??.??"]

1. e4 e5 2. Nf3 Nc6 3. Bc4 Bc5 4. c3 Nf6 5. d3 d6 6. O-O h6 7. b4 Bb6 8. a4 a6
9. Be3 Bxe3 10. fxe3 Be6 11. Bxe6 fxe6 12. Qe1 O-O 13. Nbd2 Qe8 14. Qg3 Qh5 15.
h3 Nd7 16. d4 exd4 17. exd4 e5 18. Rab1 Rae8 19. b5 axb5 20. axb5 Ne7 21. Qh2
Rf6 22. g4 Qf7 23. Kh1 Ng6 24. Qg3 Rf4 25. d5 Nc5 26. Rbe1 Rf8 27. g5 h5 28.
Kh2 Ra8 29. Qg2 Ra2 30. Re2 Rc2 31. c4 Rc3 32. Kg1 Qf8 33. Ref2 Nd3 34. Re2 Rf7
35. Qg3 Rf4 36. Re3 h4 37. Qh2 b6 38. Nb1 Rc1 39. Rxc1 Rxf3 40. Rxd3 Rxd3 41.
Rf1 Nf4 42. Qc2 Nxh3+ 43. Kg2 Rg3+ 0-1

[Event "VI  Miedzynarodowy Festiwal Szachowy   M"]
[Site "Lazy"]
[Date "2010.06.29"]
[Round "3.1"]
[White "Mulet, Piotr"]
[Black "Malisauskas, Vidmantas"]
[Result "1-0"]
[WhiteElo "2320"]
[BlackElo "2503"]
[PlyCount "85"]
[EventDate "2010.??.??"]

1. e4 c6 2. Nc3 d5 3. Nf3 Bg4 4. h3 Bxf3 5. Qxf3 e6 6. b3 Nd7 7. Bb2 Ngf6 8. g4
Be7 9. exd5 cxd5 10. g5 Ne5 11. Qe2 Nfd7 12. Nb5 Nc6 13. Bxg7 Rg8 14. Bb2 a6
15. Nd4 Nxd4 16. Bxd4 Bxg5 17. O-O-O Bf6 18. Bxf6 Qxf6 19. Kb1 O-O-O 20. Qe3 d4
21. Qe4 Nc5 22. Qe1 Qf4 23. Bc4 Rg2 24. a4 Rdg8 25. f3 R8g3 26. a5 Rxf3 27. Rg1
Rff2 28. Rxg2 Rxg2 29. Qf1 Rf2 30. Qg1 Ne4 31. Qg8+ Kc7 32. Bd3 Nxd2+ 33. Kb2
h6 34. Rg1 Nf3 35. Rg4 Qf6 36. Qf8 Ne5 37. Qc5+ Nc6 38. Qb6+ Kc8 39. Rg8+ Nd8
40. Ka2 Rf4 41. Bxa6 bxa6 42. Qc6+ Kb8 43. Qd7 1-0

[Event "VI  Miedzynarodowy Festiwal Szachowy   M"]
[Site "Lazy"]
[Date "2010.06.29"]
[Round "3.2"]
[White "Sharapov, Evgeny"]
[Black "Weichhold, Pawel"]
[Result "1/2-1/2"]
[WhiteElo "2498"]
[BlackElo "2190"]
[PlyCount "146"]
[EventDate "2010.??.??"]

1. e4 c5 2. Nf3 d6 3. d4 Nf6 4. Nc3 cxd4 5. Nxd4 Nc6 6. g3 g6 7. Nde2 Bg7 8.
Bg2 O-O 9. O-O Rb8 10. a4 a6 11. Nd5 b5 12. axb5 axb5 13. Bg5 Nd7 14. c3 h6 15.
Be3 e6 16. Ndf4 Nde5 17. Nd4 b4 18. Qe2 bxc3 19. bxc3 Na5 20. Rfd1 Bd7 21. Nd3
Nec4 22. Bc1 Qc7 23. Nb4 Rb6 24. Qa2 Bc8 25. Kh1 Bb7 26. f4 Ra8 27. Qe2 Re8 28.
Rb1 Ba8 29. h4 e5 30. fxe5 Nxe5 31. Na6 Qb7 32. Rxb6 Qxb6 33. Qb5 Qxb5 34. Nxb5
Ng4 35. Kg1 Nc4 36. Nac7 Rb8 37. Re1 Bc6 38. Nd4 Rb7 39. Nd5 Bxd5 40. exd5 Be5
41. Bf3 h5 42. Kg2 Rb1 43. Be4 Ra1 44. Bd3 Nce3+ 45. Kf3 Nxd5 46. Bd2 Ra2 47.
Rd1 Rb2 48. Ne2 Kg7 49. Be1 f5 50. Rb1 Rxb1 51. Bxb1 Ngf6 52. Bd2 Nd7 53. Ba2
N5f6 54. Be1 Nc5 55. Bb1 Nd5 56. Bc2 Kf6 57. Bd2 Nb6 58. Bg5+ Kg7 59. Nd4 Nd5
60. Bd2 Nf6 61. Nb5 Kf7 62. Be1 Nfe4 63. Nd4 Kf6 64. Ne2 Kf7 65. c4 Nf6 66. Bb4
Ne6 67. Bd3 Nd7 68. Nf4 Nd4+ 69. Kg2 Nc6 70. Ba3 Nb6 71. c5 dxc5 72. Bxc5 Bc7
73. Bc2 Na5 1/2-1/2

[Event "VI  Miedzynarodowy Festiwal Szachowy   M"]
[Site "Lazy"]
[Date "2010.06.29"]
[Round "3.3"]
[White "Neiksans, Arturs"]
[Black "Zakoscielna, Kinga"]
[Result "1-0"]
[WhiteElo "2481"]
[BlackElo "2040"]
[PlyCount "83"]
[EventDate "2010.??.??"]

1. e4 c5 2. Nf3 e6 3. d4 cxd4 4. Nxd4 a6 5. c4 Nf6 6. Nc3 Bb4 7. f3 Qc7 8. Be3
O-O 9. Qb3 Bxc3+ 10. Qxc3 d5 11. cxd5 Qxc3+ 12. bxc3 exd5 13. e5 Nfd7 14. e6
Nf6 15. exf7+ Kxf7 16. Kd2 Nbd7 17. a4 b6 18. Rb1 Nc5 19. Rxb6 Nxa4 20. Rc6 Re8
21. Bd3 Bd7 22. Rxa6 Rxa6 23. Bxa6 Nxc3 24. Ra1 Na4 25. Nb5 Re6 26. Rxa4 Rxa6
27. Rxa6 Bxb5 28. Rb6 Bd7 29. Bd4 Be6 30. Bxf6 Kxf6 31. Ke3 h5 32. Kd4 h4 33.
Rb2 g6 34. Re2 Bf7 35. Rb2 Be6 36. Rb8 g5 37. Rb2 Bf7 38. g3 hxg3 39. hxg3 g4
40. f4 Ke6 41. Rb6+ Kf5 42. Rd6 1-0

[Event "VI  Miedzynarodowy Festiwal Szachowy   M"]
[Site "Lazy"]
[Date "2010.06.29"]
[Round "3.4"]
[White "Samolins, Vitalijs"]
[Black "Orzech, Dominik"]
[Result "0-1"]
[WhiteElo "2426"]
[BlackElo "2425"]
[PlyCount "70"]
[EventDate "2010.??.??"]

1. e4 Nf6 2. Nc3 d5 3. e5 Nfd7 4. Nxd5 Nxe5 5. Ne3 c5 6. b3 Nbc6 7. Bb2 Nd4 8.
c3 Nf5 9. Qc2 g6 10. f4 Nc6 11. Bd3 e6 12. Nf3 Bg7 13. O-O-O O-O 14. h4 Ng3 15.
Rh3 Nh5 16. g3 Qa5 17. Kb1 b5 18. Be4 Bb7 19. Ne5 Qc7 20. d4 Rad8 21. Qg2 cxd4
22. cxd4 Nxe5 23. Bxb7 Nd7 24. Bf3 Ndf6 25. Rc1 Qe7 26. Rhh1 Rc8 27. Bc6 a6 28.
Qf3 Qd6 29. Bb7 Rb8 30. Rhg1 Qb6 31. Bc6 Rbc8 32. Rc5 Rc7 33. Rgc1 Rfc8 34. d5
exd5 35. Bd4 Ne4 0-1

[Event "VI  Miedzynarodowy Festiwal Szachowy   M"]
[Site "Lazy"]
[Date "2010.06.29"]
[Round "3.5"]
[White "Reshetnikov, Evgeny"]
[Black "Starostits, Ilmars"]
[Result "0-1"]
[WhiteElo "2280"]
[BlackElo "2474"]
[PlyCount "120"]
[EventDate "2010.??.??"]

1. d4 d5 2. Nf3 Nc6 3. Bf4 Bg4 4. h3 Bxf3 5. exf3 e6 6. c3 Bd6 7. Qc1 Nge7 8.
Bxd6 cxd6 9. f4 O-O 10. Nd2 Ng6 11. g3 e5 12. fxe5 dxe5 13. dxe5 Re8 14. Be2
Rxe5 15. Nf3 Re7 16. Qd2 Qe8 17. Kf1 Rd8 18. Re1 Rd6 19. Kg2 Rde6 20. Bb5 Nge5
21. Nxe5 Rxe5 22. Rxe5 Rxe5 23. Rd1 a6 24. Bf1 h5 25. h4 Qe6 26. Qc2 g5 27.
hxg5 h4 28. g6 fxg6 29. Rd3 Re1 30. gxh4 Qe4+ 31. f3 Qxh4 32. Rxd5 Ne7 33. Rd4
Qg5+ 34. Rg4 Qf6 35. Qb3+ Kh8 36. Qxb7 Nf5 37. Kf2 Re7 38. Qxa6 Qe5 39. Qd3 Kg7
40. b4 Ra7 41. Qd2 Qe6 42. Bc4 Qb6+ 43. Ke2 Re7+ 44. Kd1 Ne3+ 45. Kc1 Nxg4 46.
fxg4 Qg1+ 47. Kb2 Qxg4 48. Qd5 Qf4 49. b5 Re5 50. Qg8+ Kh6 51. Kb3 Qf6 52. a4
Re3 53. Kb4 Qxc3+ 54. Kc5 Re5+ 55. Kc6 Rf5 56. Kb7 Qf3+ 57. Ka7 Qf2+ 58. Kb7
Qd4 59. Qe6 Rf6 60. Qd5 Qb6+ 0-1

[Event "VI  Miedzynarodowy Festiwal Szachowy   M"]
[Site "Lazy"]
[Date "2010.06.29"]
[Round "3.6"]
[White "Kulon, Klaudia"]
[Black "Socko, Monika"]
[Result "0-1"]
[WhiteElo "2230"]
[BlackElo "2485"]
[PlyCount "162"]
[EventDate "2010.??.??"]

1. e4 d6 2. d4 Nf6 3. Nc3 Nbd7 4. Nf3 e5 5. Bc4 Be7 6. O-O O-O 7. Re1 c6 8. a4
b6 9. d5 cxd5 10. Nxd5 Nxd5 11. Bxd5 Rb8 12. b3 Nf6 13. c4 Nxd5 14. cxd5 f5 15.
Ba3 f4 16. Rc1 Rf6 17. Qc2 Rg6 18. Qc7 Bh3 19. Qxd8+ Rxd8 20. g3 Rd7 21. Rc8+
Kf7 22. Rec1 Bg4 23. Kg2 Bd8 24. Ne1 Be2 25. Rb8 h5 26. f3 Ba6 27. Kf2 fxg3+
28. hxg3 h4 29. g4 h3 30. Kg3 Bg5 31. Rc2 Bf4+ 32. Kf2 Rh6 33. Kg1 Bg3 34. Bb4
Rf6 35. g5 Bxe1 36. gxf6 Bxb4 37. fxg7 Kxg7 38. Kh2 Bf1 39. Rcc8 Bd2 40. Rg8+
Kf6 41. Rbf8+ Rf7 42. Re8 Bf4+ 43. Kg1 h2+ 44. Kh1 Bh3 45. b4 Bd7 46. Rd8 a6
47. Kg2 Ke7 48. Rb8 Bxa4 49. Rb7+ Kf6 50. Rxb6 Rg7+ 51. Rxg7 Kxg7 52. Rxa6 Bb5
53. Ra1 Kf6 54. Rb1 Ke7 55. Ra1 Kd8 56. Ra7 Bf1+ 57. Kh1 Be2 58. Ra3 Kc7 59.
Kg2 Kb6 60. Rb3 Kb5 61. Rb1 Bd3 62. Rb3 Kc4 63. Ra3 Bf1+ 64. Kh1 Be2 65. Kg2
Kxb4 66. Ra1 Kc3 67. Kf2 Bd3 68. Kg2 Kd2 69. Ra2+ Bc2 70. Kh1 Kc1 71. Ra1+ Bb1
72. Kg2 Kb2 73. Ra7 Bd3 74. Rb7+ Kc2 75. Rc7+ Kd2 76. Ra7 Bf1+ 77. Kh1 Be2 78.
Ra3 Be3 79. Ra2+ Ke1 80. Kxh2 Bxf3 81. Ra4 Ke2 0-1

[Event "VI  Miedzynarodowy Festiwal Szachowy   M"]
[Site "Lazy"]
[Date "2010.06.29"]
[Round "3.7"]
[White "Mazalon, Mariusz"]
[Black "Kanarek, Marcel"]
[Result "0-1"]
[WhiteElo "2093"]
[BlackElo "2387"]
[PlyCount "138"]
[EventDate "2010.??.??"]

1. d4 Nf6 2. c4 g6 3. Nc3 Bg7 4. e4 d6 5. Nf3 O-O 6. h3 e5 7. d5 a5 8. Be3 Na6
9. g4 Nc5 10. Nd2 Bd7 11. a3 a4 12. Qc2 Ne8 13. Rg1 f5 14. gxf5 gxf5 15. Bg5
Qc8 16. Be2 Kh8 17. O-O-O Nf6 18. h4 Nfxe4 19. Ndxe4 Nxe4 20. Nxe4 fxe4 21.
Qxe4 Bf5 22. Qe3 Bf6 23. Bxf6+ Rxf6 24. Rg5 Qd7 25. Rdg1 h6 26. R5g2 Qh7 27.
Bg4 Bxg4 28. Rxg4 Raf8 29. R1g2 Rf4 30. Qg3 Rf3 31. Qh2 R3f4 32. Qg1 h5 33.
Rxf4 Rxf4 34. Rg6 Rxc4+ 35. Kd2 Rg4 36. Rxg4 hxg4 37. Qxg4 Qf7 38. Ke3 Qxd5 39.
Qc8+ Kg7 40. Qxc7+ Kh6 41. Qe7 Qd4+ 42. Kf3 Qd3+ 43. Kg2 Qe4+ 44. Kg3 d5 45.
Qf8+ Kg6 46. Qd6+ Kh5 47. f3 Qxh4+ 48. Kg2 Qg5+ 49. Kf2 Qd2+ 50. Kg3 Qf4+ 51.
Kg2 d4 52. Qd7 Qf6 53. Qxb7 Kg5 54. Kf2 Qg6 55. Qe7+ Qf6 56. Qd7 Qf8 57. Qxa4
Qf4 58. Qd7 Qh2+ 59. Kf1 Kf4 60. Qg4+ Ke3 61. Qe4+ Kd2 62. Qe1+ Kc2 63. Qe4+
Kb3 64. Qb7+ Ka2 65. Qd5+ Ka1 66. a4 Qc2 67. Qxe5 d3 68. Qc3 Qxc3 69. bxc3 Kb2
0-1

[Event "VI  Miedzynarodowy Festiwal Szachowy   M"]
[Site "Lazy"]
[Date "2010.06.29"]
[Round "3.8"]
[White "Daskevics, Vadims"]
[Black "Kukula, Pawel"]
[Result "1-0"]
[WhiteElo "2386"]
[BlackElo "2261"]
[PlyCount "87"]
[EventDate "2010.??.??"]

1. Nf3 Nf6 2. c4 g6 3. d4 Bg7 4. g3 O-O 5. Bg2 d6 6. Nc3 Nc6 7. O-O a6 8. h3
Bd7 9. e4 e5 10. d5 Ne7 11. c5 Ne8 12. b4 h6 13. Nd2 f5 14. Nc4 f4 15. a4 h5
16. Ba3 f3 17. Bxf3 Bxh3 18. Bg2 Bg4 19. f3 Bc8 20. b5 dxc5 21. Bxc5 Nd6 22.
Qb3 b6 23. Be3 a5 24. f4 exf4 25. Bxf4 Bd4+ 26. Be3 Rxf1+ 27. Rxf1 Nxc4 28.
Bxd4 Nd2 29. Qa2 Nxf1 30. d6+ Kf8 31. dxe7+ Qxe7 32. Nd5 Qf7 33. Qa3+ Ke8 34.
Bxf1 Be6 35. Nf6+ Kd8 36. Qc3 Rc8 37. Be3 Rb8 38. Bf4 Kc8 39. Ne8 Kb7 40. Nxc7
Ba2 41. Bg2 Qd7 42. Nd5 Rc8 43. Qf6 Qd8 44. Qf7+ 1-0

[Event "VI  Miedzynarodowy Festiwal Szachowy   M"]
[Site "Lazy"]
[Date "2010.06.29"]
[Round "3.9"]
[White "Andrzejewska, Anna"]
[Black "Mickiewicz, Piotr"]
[Result "0-1"]
[WhiteElo "2006"]
[BlackElo "2322"]
[PlyCount "100"]
[EventDate "2010.??.??"]

1. e4 c5 2. Nf3 e6 3. d4 cxd4 4. Nxd4 a6 5. Nc3 Qc7 6. Bd3 Nf6 7. O-O Bc5 8.
Nb3 Be7 9. Be3 d6 10. f4 Nbd7 11. Qf3 b5 12. a3 Bb7 13. Rae1 O-O 14. Qg3 d5 15.
e5 Ne4 16. Qh3 b4 17. axb4 Bxb4 18. Bd4 g6 19. Qh6 Rfe8 20. Bxe4 dxe4 21. Nxe4
Bxe4 22. Rxe4 Qxc2 23. Re3 Bf8 24. Qh4 Qc4 25. Rh3 h5 26. f5 exf5 27. Rxf5 Bg7
28. Rf4 Qe6 29. Qg5 Rab8 30. Nd2 Nxe5 31. Re3 Rb5 32. Qg3 Rc8 33. Bc3 Rd5 34.
Rf2 Qd7 35. Bxe5 Bxe5 36. Rxe5 Rxd2 37. Rxd2 Rc1+ 38. Re1 Qxd2 39. Qb8+ Kg7 40.
Qe5+ f6 41. Qe7+ Kh6 42. Rxc1 Qxc1+ 43. Kf2 Qxb2+ 44. Kf3 Qc3+ 45. Kf2 Qd4+ 46.
Kf3 Qd5+ 47. Kf2 Qf5+ 48. Kg1 Qe5 49. Qf8+ Kg5 50. Qa3 Qe1# 0-1

[Event "VI  Miedzynarodowy Festiwal Szachowy   M"]
[Site "Lazy"]
[Date "2010.06.29"]
[Round "3.11"]
[White "Korosciel, Aneta"]
[Black "Kotlowski, Tomasz"]
[Result "1-0"]
[WhiteElo "2041"]
[BlackElo "2028"]
[PlyCount "167"]
[EventDate "2010.??.??"]

1. e4 g6 2. d4 Bg7 3. Nc3 d6 4. Nf3 Nf6 5. Be3 O-O 6. h3 c5 7. dxc5 Qa5 8. Bd3
dxc5 9. O-O Nc6 10. Nd2 Be6 11. f4 c4 12. Bxc4 Bxc4 13. Nxc4 Qb4 14. Qe2 b5 15.
Ne5 Nxe5 16. fxe5 Nxe4 17. Qxb5 Qxb5 18. Nxb5 Bxe5 19. Nxa7 f5 20. c3 f4 21.
Nc6 fxe3 22. Nxe5 Rf2 23. Nc4 Rd8 24. Rae1 Rc2 25. Nxe3 Rxb2 26. Nc4 Rxa2 27.
Rxe4 Rd3 28. Re3 Rd7 29. Rfe1 Rc2 30. Rxe7 Rxe7 31. Rxe7 Rxc3 32. Nd2 h6 33.
Kf2 Rc2 34. Ke3 Rc3+ 35. Ke2 Rg3 36. Kf2 Rc3 37. Ne4 Ra3 38. Rc7 Rb3 39. Rc3
Rb4 40. Kf3 Rb7 41. Kf4 Kg7 42. Nd6 Rb2 43. g4 Rf2+ 44. Ke5 Rf1 45. Ne4 Kg8 46.
Rc8+ Kg7 47. Rc7+ Kg8 48. Nf6+ Kf8 49. Nd5 h5 50. gxh5 gxh5 51. Rh7 Kg8 52.
Rxh5 Kg7 53. Ne3 Ra1 54. Nf5+ Kg8 55. Kf6 Ra6+ 56. Kg5 Ra5 57. Rh6 Ra1 58. h4
Ra2 59. Rb6 Kh7 60. Rb7+ Kh8 61. Rd7 Re2 62. h5 Re1 63. Nh4 Kg8 64. Rd6 Kh7 65.
Rh6+ Kg8 66. Nf5 Ra1 67. Rb6 Kh7 68. Rb7+ Kh8 69. h6 Rg1+ 70. Kf6 Re1 71. Re7
Rf1 72. Ra7 Re1 73. Ra5 Kh7 74. Ra7+ Kh8 75. Nd6 Rf1+ 76. Ke7 Kh7 77. Nf7 Re1+
78. Kf8 Rf1 79. Ra6 Rf6 80. Ra3 Rb6 81. Rg3 Rb8+ 82. Ke7 Re8+ 83. Kd6 Re6+ 84.
Kd5 1-0

[Event "VI  Miedzynarodowy Festiwal Szachowy   M"]
[Site "Lazy"]
[Date "2010.06.29"]
[Round "3.12"]
[White "Kmiecik, Wojciech"]
[Black "Karbowiak, Adam"]
[Result "1/2-1/2"]
[WhiteElo "2026"]
[BlackElo "2209"]
[PlyCount "91"]
[EventDate "2010.??.??"]

1. e4 e6 2. d4 d5 3. Nc3 dxe4 4. Nxe4 Bd7 5. Nf3 Bc6 6. Bd3 Nd7 7. O-O Ngf6 8.
Bg5 Be7 9. Qe2 O-O 10. Nxf6+ Bxf6 11. Bxf6 Qxf6 12. Be4 Bxe4 13. Qxe4 c6 14.
Rfd1 Rfd8 15. c3 Qe7 16. Qe2 h6 17. h3 Qd6 18. Rd2 Qd5 19. a4 Qh5 20. Ne5 Qxe2
21. Rxe2 Nxe5 22. Rxe5 Rd5 23. Rae1 g5 24. Kf1 Rad8 25. R1e3 Kf8 26. Ke2 Ke7
27. g4 Rxe5 28. Rxe5 f6 29. Re4 h5 30. h4 Rh8 31. hxg5 fxg5 32. gxh5 Rxh5 33.
b4 Rh1 34. Re5 Kf6 35. Ra5 a6 36. b5 cxb5 37. axb5 axb5 38. Rxb5 Rh7 39. f3
Rh2+ 40. Ke3 Rc2 41. Kd3 Rf2 42. Ke3 Rc2 43. Rc5 b5 44. Rxb5 Rxc3+ 45. Ke4 Rc1
46. Ke3 1/2-1/2

[Event "VI  Miedzynarodowy Festiwal Szachowy   M"]
[Site "Lazy"]
[Date "2010.06.29"]
[Round "3.13"]
[White "Shishkin, Vadim"]
[Black "Sokolowski, Ryszard"]
[Result "1-0"]
[WhiteElo "2513"]
[BlackElo "2143"]
[PlyCount "41"]
[EventDate "2010.??.??"]

1. d4 e6 2. c4 b6 3. e4 Bb7 4. Qc2 Qh4 5. Nd2 Bb4 6. Bd3 f5 7. Ngf3 Bxd2+ 8.
Bxd2 Qg4 9. Ne5 Qxg2 10. O-O-O fxe4 11. Be2 Nc6 12. Rhg1 Qh3 13. Nxc6 Bxc6 14.
d5 Bb7 15. Qc3 Qxc3+ 16. Bxc3 Ne7 17. dxe6 d6 18. Rxg7 Rf8 19. Bh5+ Kd8 20.
Rxh7 Bc8 21. Bf6 1-0

[Event "VI  Miedzynarodowy Festiwal Szachowy   M"]
[Site "Lazy"]
[Date "2010.06.29"]
[Round "3.14"]
[White "Skalik, Przemyslaw"]
[Black "Gluszko, Monika"]
[Result "1-0"]
[WhiteElo "2390"]
[BlackElo "2012"]
[PlyCount "97"]
[EventDate "2010.??.??"]

1. Nf3 Nf6 2. c4 g6 3. Nc3 d5 4. cxd5 Nxd5 5. Qa4+ Bd7 6. Qh4 Nxc3 7. dxc3 Nc6
8. e4 e5 9. Bg5 Be7 10. Bc4 h6 11. Bxe7 Qxe7 12. Qg3 O-O-O 13. Nd2 Be6 14. Qe3
Kb8 15. b3 Rd6 16. Bxe6 Qxe6 17. Nc4 Rd7 18. O-O Rhd8 19. Qxh6 Rd3 20. Rac1 b5
21. Ne3 Rd2 22. a4 Qxb3 23. Nd5 Rb2 24. axb5 Qxb5 25. Qg7 Rd7 26. Qf8+ Kb7 27.
Qe8 Nd8 28. Qxe5 Nc6 29. Qe8 Na5 30. Ne7 a6 31. c4 Nxc4 32. Qc8+ Ka7 33. Nd5
Nb6 34. Rxc7+ Rxc7 35. Qxc7+ Ka8 36. Qd8+ Kb7 37. Qc7+ Ka8 38. Nxb6+ Qxb6 39.
Qxf7 a5 40. h4 Rb4 41. h5 gxh5 42. Qxh5 a4 43. e5 Rb5 44. Rd1 Qc5 45. Qe8+ Ka7
46. e6 a3 47. e7 Rb2 48. Qd7+ Ka6 49. Qd6+ 1-0

[Event "VI  Miedzynarodowy Festiwal Szachowy   M"]
[Site "Lazy"]
[Date "2010.06.30"]
[Round "4.1"]
[White "Mulet, Piotr"]
[Black "Neiksans, Arturs"]
[Result "1/2-1/2"]
[WhiteElo "2320"]
[BlackElo "2481"]
[PlyCount "49"]
[EventDate "2010.??.??"]

1. e4 e5 2. Nf3 Nf6 3. Nc3 Nc6 4. Bb5 Bb4 5. O-O O-O 6. d3 d6 7. Bg5 Bxc3 8.
bxc3 Bd7 9. Nd2 h6 10. Bh4 Ne7 11. Bxf6 gxf6 12. Bxd7 Qxd7 13. Qh5 Kg7 14. f4
Ng6 15. f5 Nf4 16. Qf3 Qa4 17. Rac1 Qa5 18. Kh1 Qxc3 19. Nb1 Qb2 20. g3 Nh3 21.
Qg4+ Ng5 22. h4 h5 23. Qxh5 Nh7 24. a3 Rh8 25. Qe2 1/2-1/2

[Event "VI  Miedzynarodowy Festiwal Szachowy   M"]
[Site "Lazy"]
[Date "2010.06.30"]
[Round "4.2"]
[White "Orzech, Dominik"]
[Black "Sharapov, Evgeny"]
[Result "1/2-1/2"]
[WhiteElo "2425"]
[BlackElo "2498"]
[PlyCount "111"]
[EventDate "2010.??.??"]

1. d4 d5 2. Nf3 c6 3. c4 Nf6 4. Nc3 e6 5. Bg5 h6 6. Bxf6 Qxf6 7. e3 Nd7 8. Bd3
g6 9. O-O Bg7 10. e4 dxc4 11. Bxc4 O-O 12. e5 Qe7 13. Qe2 b5 14. Bd3 Bb7 15.
Be4 Rab8 16. Rac1 Rfc8 17. Rfe1 Nb6 18. Bb1 c5 19. Nxb5 Bxf3 20. Qxf3 cxd4 21.
Rxc8+ Rxc8 22. Qe4 Qb4 23. Nxd4 Rc4 24. Rd1 Qxb2 25. g3 Nd5 26. Qd3 Rc1 27.
Rxc1 Qxc1+ 28. Kg2 Bxe5 29. Nf3 Bf6 30. Qb3 Kg7 31. Bd3 a5 32. a4 Nb4 33. Bc4
Qa1 34. Bb5 Qc1 35. Qc4 Qb2 36. h4 Nd5 37. Qc5 g5 38. hxg5 hxg5 39. Kh3 Qb1 40.
Qc4 Qh1+ 41. Nh2 Ne7 42. Qe2 Ng6 43. Qf3 Qe1 44. Qe2 Qc3 45. Kg2 Bd4 46. Nf3
Bf6 47. Qe4 Qb2 48. Bd3 Be7 49. Nd4 Qb6 50. Nf3 f5 51. Qd4+ Qxd4 52. Nxd4 Ne5
53. Bc2 Kf6 54. Bb3 Bc5 55. Nxe6 Bb6 56. Nxg5 1/2-1/2

[Event "VI  Miedzynarodowy Festiwal Szachowy   M"]
[Site "Lazy"]
[Date "2010.06.30"]
[Round "4.3"]
[White "Weichhold, Pawel"]
[Black "Malisauskas, Vidmantas"]
[Result "1/2-1/2"]
[WhiteElo "2190"]
[BlackElo "2503"]
[PlyCount "105"]
[EventDate "2010.??.??"]

1. e4 c5 2. Nf3 d6 3. d4 cxd4 4. Nxd4 Nf6 5. Nc3 a6 6. Bg5 e6 7. f4 Nbd7 8. Qf3
Qc7 9. O-O-O b5 10. Bd3 Bb7 11. Rhe1 O-O-O 12. Kb1 Be7 13. Bxf6 Nxf6 14. a4 b4
15. Na2 d5 16. e5 Ne4 17. f5 Qxe5 18. Qf1 Qxd4 19. Bxe4 Qb6 20. Bd3 e5 21. Rxe5
Bf6 22. Re2 Rhe8 23. Qf4 a5 24. Nc1 Bc6 25. b3 Bb7 26. Bb5 Re4 27. Qf2 Qc7 28.
Qg3 Qxg3 29. hxg3 Bc3 30. Bd3 Rg4 31. Re7 Rxg3 32. Ne2 Rxg2 33. Nxc3 bxc3 34.
Rxf7 Rd7 35. Rxd7 Kxd7 36. Rh1 h6 37. f6 gxf6 38. Rxh6 Rf2 39. Rh7+ Kc6 40. Rf7
Bc8 41. Ka2 Bg4 42. Ka3 Be2 43. Bxe2 Rxe2 44. b4 Rxc2 45. Rxf6+ Kd7 46. bxa5
Rb2 47. a6 Rb1 48. a7 c2 49. Rc6 Kxc6 50. a8=Q+ Kc7 51. Qa5+ Rb6 52. Qc5+ Rc6
53. Qe7+ 1/2-1/2

[Event "VI  Miedzynarodowy Festiwal Szachowy   M"]
[Site "Lazy"]
[Date "2010.06.30"]
[Round "4.4"]
[White "Socko, Monika"]
[Black "Daskevics, Vadims"]
[Result "0-1"]
[WhiteElo "2485"]
[BlackElo "2386"]
[PlyCount "106"]
[EventDate "2010.??.??"]

1. e4 c5 2. Nf3 Nc6 3. Bb5 g6 4. Bxc6 dxc6 5. d3 Bg7 6. h3 Nf6 7. Nc3 Nd7 8.
Be3 e5 9. Qd2 h6 10. O-O Qe7 11. a3 a5 12. Rfb1 b5 13. Ne2 a4 14. b3 axb3 15.
cxb3 f5 16. Qc1 f4 17. Bd2 O-O 18. b4 Rd8 19. Qc2 Bb7 20. Rc1 cxb4 21. Bxb4 Qf7
22. Bc3 Ra4 23. Rd1 Kh7 24. Qb2 Qe7 25. d4 exd4 26. Bxd4 Nf6 27. e5 Nd5 28.
Rac1 Nc7 29. Nxf4 Raxd4 30. Nxd4 Qxe5 31. Nfe2 c5 32. Qc2 Qg5 33. f3 Qe3+ 34.
Kh1 Bxd4 35. Nxd4 Rxd4 36. Re1 Qg5 37. Qe2 Rd7 38. Rcd1 Rf7 39. Rd6 c4 40. Qd1
Nd5 41. Re8 Nf4 42. Qc2 Nd3 43. Rdd8 Qc1+ 44. Qxc1 Nxc1 45. Rh8+ Kg7 46. Rdg8+
Kf6 47. Rxh6 Rg7 48. Rf8+ Ke5 49. f4+ Kd4 50. Rh4 Be4 51. f5 gxf5 52. Rxf5 Rxg2
53. Rff4 Rg4+ 0-1

[Event "VI  Miedzynarodowy Festiwal Szachowy   M"]
[Site "Lazy"]
[Date "2010.06.30"]
[Round "4.5"]
[White "Starostits, Ilmars"]
[Black "Mickiewicz, Piotr"]
[Result "0-1"]
[WhiteElo "2474"]
[BlackElo "2322"]
[PlyCount "72"]
[EventDate "2010.??.??"]

1. e4 c5 2. Nc3 Nc6 3. g3 g6 4. Bg2 Bg7 5. d3 Rb8 6. f4 d6 7. Nge2 b5 8. e5 Nd4
9. exd6 Qxd6 10. Ne4 Qc7 11. c3 Nf5 12. O-O Nf6 13. Qe1 O-O 14. h3 h5 15. Qf2
c4 16. d4 Nxe4 17. Bxe4 Nd6 18. Bg2 Bf5 19. d5 b4 20. Be3 bxc3 21. Nxc3 Qb7 22.
Bc1 Qd7 23. Kh2 Rb7 24. Re1 Rfb8 25. Re5 Bxe5 26. fxe5 Nc8 27. Qd4 Rxb2 28.
Bxb2 Rxb2 29. Ne4 c3 30. Ng5 Rd2 31. Qc5 c2 32. Rf1 Nb6 33. g4 hxg4 34. hxg4
Qxd5 35. Qxd5 Nxd5 36. gxf5 Rxg2+ 0-1

[Event "VI  Miedzynarodowy Festiwal Szachowy   M"]
[Site "Lazy"]
[Date "2010.06.30"]
[Round "4.6"]
[White "Kanarek, Marcel"]
[Black "Pacuszka, Tomasz"]
[Result "1-0"]
[WhiteElo "2387"]
[BlackElo "2295"]
[PlyCount "117"]
[EventDate "2010.??.??"]

1. e4 d5 2. exd5 Qxd5 3. Nc3 Qa5 4. d4 Nf6 5. Nf3 Bf5 6. Bc4 e6 7. Bd2 c6 8.
Nd5 Qd8 9. Nxf6+ gxf6 10. c3 Nd7 11. Nh4 Bg6 12. O-O Nb6 13. Bb3 Qd7 14. Qf3
Be7 15. g3 f5 16. Ng2 e5 17. Qe2 e4 18. Nf4 O-O-O 19. f3 exf3 20. Qxf3 Bd6 21.
Ng2 Rde8 22. Nh4 f4 23. Bxf4 Be4 24. Qh5 Bg6 25. Qf3 Be4 26. Qf2 Be7 27. Nf3
Nd5 28. Ne5 Qh3 29. Bc2 Bxc2 30. Qxc2 h5 31. Nxf7 Rhg8 32. Nh6 Rgf8 33. Qg6 Kd7
34. Bd2 Bd6 35. Rf7+ Ne7 36. Raf1 Rxf7 37. Rxf7 Rf8 38. Qf6 Rxf7 39. Nxf7 Qe6
40. Qxe6+ Kxe6 41. Nd8+ Kd5 42. Nxb7 Bc7 43. Nc5 Bb6 44. Kf2 Bxc5 45. dxc5 Ke4
46. Ke2 a6 47. h3 Ng6 48. g4 hxg4 49. hxg4 Ne5 50. g5 Ng6 51. b3 Ne5 52. Bc1
Ng6 53. c4 Ne5 54. Bb2 Ng6 55. Bf6 Nf4+ 56. Kd2 Kf5 57. Kc3 Ke6 58. Kb4 Nd3+
59. Ka5 1-0